000 00304nam a22001337a 4500
008 171106b xxu||||| |||| 00| 0 eng d
020 _a9780078460975
041 _aeng
080 _a330.722.6
100 _a61
101 _aKON
245 _aTEACHER WRAPARAOUND ACCOUTING
_cGLENCOE.M
942 _2udc
_cBK
999 _c37729
_d37729